Football Managers by Pictures - Statistics

General Stats
  • This quiz has been taken 15 times
  • The average score is 9 of 16
Answer Stats
Picture Answer % Correct
Rafael Benitez
93%
Eddie Howe
86%
Brendan Rodgers
79%
Claudio Ranieri
79%
Vicente del Bosque
71%
Joakim Low
64%
Roberto Mancini
64%
Lionel Scaloni
57%
Luiz Felipe Scolari
57%
Maurizio Sarri
57%
Julian Nagelsmann
43%
Guus Hiddink
36%
Marcelo Bielsa
36%
Nuno Santos
36%
Marco Silva
29%
Massimiliano Allegri
21%
No matching quizzes found
Score Distribution
Percent of People with Each Score
Percentile by Number Answered
Your Score History
You have not taken this quiz